• 首页
  • 本馆介绍
  • 公告通知
  • 最新文献
  • 馆藏检索
  • 电子资源
  • 读者导购
  • 参考咨询
  • 我的图书馆
  • 登录
  • 详细信息显示
  • 放入我的书架
  • 预约/预借图书
  • 作者相关作品
  • 分类相关作品
  • 丛书相关作品
  • 出版社相关作品

书目信息

  • 表格格式
  • 工作单格式
  • 卡片格式
书名: Famous Chinese short stories =
作者: 林语堂编译.
分册号:
分册名:
出版地: Beijing :
 
出版社: Foreign Language Teaching and Research Press
出版时间: 2009.
页数: xviii, 308 p., [16] p. of plates :
开本: 21 cm.
丛书名:
中图分类号:
科图分类号:
其他分类号: I242.1
主题词:
电子资源:
000 00738cam a2200229 a 4500
001 E1252661257
005 20120419143836.06
008 090513s2009 cc ac 000 1 eng d
020    @a9787560081373 :@cCNY21.90.
040    @aBNU@cBNU
090    @aI242.7/X1
090    @aI242.1
092    @aCN@bXF09-36-002
093    @aI242.7 @2 4
099    @dI242.1@ex5
245 00 @aFamous Chinese short stories =@b英译重编传奇小说 / @c林语堂编译.
246 31 @a英译重编传奇小说
260    @aBeijing :@bForeign Language Teaching and Research Press,@c2009.
300    @axviii, 308 p., [16] p. of plates :@bill. ;@c21 cm.
490 0  @aEnglish works of Lin Yutang =@a林语堂英文作品集
700 1  @aLin, Yutang@A(林语堂),@d1895-1976.
920    @a232010@z2
    
    Famous Chinese short stories = : 英译重编传奇小说 / / 林语堂编译.-Beijing : : Foreign Language Teaching and Research Press, , 2009.
    xviii, 308 p., [16] p. of plates : : ill. ; ; 21 cm.- (English works of Lin Yutang = 林语堂英文作品集 )
    
    
    ISBN 9787560081373 :CNY21.90.
    
●
相关链接 在E读中查询图书 在五车中查询图书 在当当中查询图书 在豆瓣中查询图书


正题名:Famous Chinese short stories =     索取号:I242.1/x5         预约/预借

序号 登录号 条形码 馆藏地/架位号 状态 备注
1 17900   300179009   第二样本阅览室/ [索取号:I242.1/x5] 在馆    
2 17901   300179018   第四借阅区/ [索取号:I242.1/x5] 在馆    
3 17902   300179027   第四借阅区/ [索取号:I242.1/x5] 在馆    
4 17903   300179036   第四借阅区/ [索取号:I242.1/x5] 在馆    
5 17904   300179045   第四借阅区/ [索取号:I242.1/x5] 在馆    
6 17905   300179054   第四借阅区/ [索取号:I242.1/x5] 在馆    
唐山师范学院图书馆 欢迎您!
大连网信软件有限公司© 版权所有